000 00951cam a2200337 a 4500
001 22564
003 SK-KTurca
005 20260401111603.0
008 240315s2011 xo g 000 1 slo
015 _aSNBA2012/12-05804
020 _a9788089482320
_q(viaz.)
035 _aD6E81E70-45D7-4089-B640-11B9EB174ADB
035 _aurn:nbn:sk:snk-amjith
035 _aurn:nbn:sk:snk-am002cdl
040 _aPPPK
_bslo
_cPPPK
_dSNK
_eAACR2
041 0 _aslo
044 _axo
_cSK
072 7 _a821.162.4-3
_xSlovenská próza
_2konspekt
080 _a821.162.4-31
_22001
100 1 _aSabová, Nata
_4aut
245 1 0 _aOchrankyňa
_cNata Sabová
250 _a1. vyd.
260 _a[Bratislava]
_bMotýľ
_c2011
300 _a309 s.
_c21 cm
500 _aMiesto vydania podľa ISBN
504 _aVysvetl. pojmov
655 7 _aslovenské romány
_2SNKPH
655 7 _aSlovak fiction
_2SNKPHeng
942 _2ddc
_cKLDO
_n0
980 _a821.162.4-31
999 _c22564
_d22564